00426nam a2200181Ia 4500003000400000005001700004008004100021020001800062040000700080041000800087082001600095100002700111245004000138260003600178300001500214365000800229440000700237OSt20230317113510.0210423s2006 xx 000 0 und d a9780120207923 cAL aeng a547.59 KATA aKATRITZKY (Alan R),Ed. aAdvances in heterocyclic chemistry. aAmsterdambAcademic Pressc2006 aix,267bPB cINR v92